Statistics for 90 secs Countries of the World: by common 3-letter block

Click here to take the quiz!

General Stats

  • This quiz has been taken 329 times
  • The average score is 108 of 179

Answer Stats

COUNTRY% Correct
Saint Vincent and the Grenadines
97%
Bosnia and Herzegovina
96%
Trinidad and Tobago
95%
Federated States of Micronesia
93%
Mauritania
93%
Solomon Islands
93%
Antigua and Barbuda
92%
Swaziland
92%
Central African Republic
91%
New Zealand
91%
Andorra
90%
Iceland
90%
Ireland
90%
Romania
90%
Rwanda
90%
Saint Kitts and Nevis
90%
Thailand
90%
Costa Rica
89%
Netherlands
89%
Afghanistan
88%
Marshall Islands
88%
Poland
88%
São Tomé and Príncipe
88%
Switzerland
88%
Uganda
88%
Finland
87%
Vatican City
87%
Indonesia
86%
Suriname
86%
Tanzania
86%
Tunisia
86%
Turkmenistan
86%
Albania
84%
Dominican Republic
84%
Panama
84%
United States
84%
Burkina Faso
83%
Lithuania
82%
Pakistan
81%
Algeria
80%
China
80%
Kazakhstan
80%
Kyrgyzstan
80%
Malaysia
80%
Nigeria
80%
Tajikistan
80%
Uzbekistan
80%
Saudi Arabia
79%
Austria
78%
Belarus
78%
Equatorial Guinea
78%
Germany
78%
Slovenia
78%
Somalia
78%
United Arab Emirates
78%
Democratic Republic of the Congo
77%
Macedonia
76%
Armenia
75%
Guatemala
75%
Australia
74%
Argentina
73%
Bhutan
73%
Bulgaria
73%
Chile
73%
Estonia
73%
Ghana
73%
South Africa
73%
Cambodia
71%
Canada
71%
Dominica
71%
Mali
71%
Singapore
71%
Ukraine
71%
Mongolia
70%
Nicaragua
70%
Republic of the Congo
70%
Serbia
70%
Sri Lanka
70%
Bahrain
69%
Eritrea
69%
Namibia
69%
Niger
69%
Botswana
68%
Gambia
68%
Russia
68%
Sierra Leone
68%
Zambia
68%
Colombia
67%
Philippines
67%
United Kingdom
67%
Liberia
66%
Cote d'Ivoire
65%
Jamaica
65%
South Sudan
65%
Syria
65%
France
63%
India
63%
North Korea
62%
Burundi
61%
Guyana
61%
Malawi
61%
South Korea
61%
Cyprus
59%
Djibouti
59%
Iran
59%
Papua New Guinea
59%
Saint Lucia
58%
Spain
58%
Mozambique
56%
Oman
56%
Grenada
55%
Italy
54%
Guinea-Bissau
53%
Venezuela
53%
Burma
52%
Maldives
50%
Guinea
49%
Brazil
48%
Japan
48%
Malta
48%
Tonga
48%
Azerbaijan
47%
Bangladesh
47%
Denmark
46%
Madagascar
46%
Portugal
46%
Bahamas
45%
Ecuador
45%
El Salvador
45%
Palau
44%
San Marino
44%
Angola
43%
Montenegro
43%
Senegal
43%
Sweden
41%
Barbados
40%
Belgium
40%
Belize
40%
Mauritius
39%
Bolivia
38%
Hungary
38%
Benin
37%
Lebanon
37%
Norway
37%
Slovakia
37%
Uruguay
37%
Nauru
35%
Paraguay
35%
Latvia
34%
Vietnam
33%
Comoros
32%
East Timor
31%
Haiti
31%
Mexico
31%
Morocco
31%
Croatia
29%
Czech Republic
29%
Kiribati
29%
Sudan
29%
Yemen
29%
Iraq
28%
Jordan
27%
Ethiopia
26%
Liechtenstein
23%
Cameroon
22%
Greece
22%
Luxembourg
22%
Kuwait
21%
Brunei
20%
Monaco
20%
Taiwan
20%
Turkey
20%
Qatar
17%
Nepal
16%
Moldova
15%
Vanuatu
15%
Libya
14%
Lesotho
13%
Seychelles
12%

Score Distribution

Percentile by Number Answered

Percent of People with Each Score

Your Score History

You have not taken this quiz